Missing Word: February Birthdays Quiz Stats

Quiz Updated Feb 2, 2018

Challenge
Share
Tweet
Embed
Score 0/28 Timer 05:00
1 Play Today
Name Answer % Correct
Abraham ____Lincoln
96.3%
Rosa ____Parks
94.5%
Paris ____Hilton
93.9%
Bob ____Marley
93.8%
Steve ____Jobs
93.3%
John ____Travolta
91%
George ____Harrison
90.2%
Drew ____Barrymore
89.6%
Clark ____Gable
89.3%
Elizabeth ____Taylor
87.6%
Dakota ____Fanning
86.3%
Susan B. ____Anthony
85.8%
Ayn ____Rand
78.5%
Kurt ____Cobain
75.3%
Name Answer % Correct
Victor ____Hugo
74.8%
Charles ____Dickens
73.1%
Lana ____Turner
72.8%
Jennifer ____Aniston
70.3%
Alan ____Rickman
59.4%
Cristiano ____Ronaldo
59%
Michael ____Bloomberg
56.6%
Linus ____Pauling
38.3%
Grant ____Wood
37%
Boris ____Pasternak
33.2%
Tom ____Hiddleston
29.4%
Merle ____Oberon
27.5%
Christopher ____Eccleston
21.1%
Elizabeth ____Blackwell
16.4%

Today's Daily Dose

Missing Word
Anagrams

On This Day
April 23rd II

You're not logged in!

Compare scores with friends on all Sporcle quizzes.
Sign Up with Email
OR
Log In

You Might Also Like...

Show Comments

Extras

Top Quizzes Today


Score Distribution

Your Account Isn't Verified!

In order to create a playlist on Sporcle, you need to verify the email address you used during registration. Go to your Sporcle Settings to finish the process.

Report this User

Report this user for behavior that violates our Community Guidelines.

Details: